[Event "Cup Corporation \"]
[Site "masterchessopen.com - Izhevsk (Russia)"]
[Date "2010.07.19"]
[Round "5"]
[White "Sabaev Evgueni (RUS)"]
[Black "Goryachkina Aleksandra (RUS)"]
[Result "1-0"]
[WhiteElo "2252"]
[BlackElo "2057"]

1.Nf3 f5 2.d4 Nf6 3.g3 g6 4.Bg2 Bg7 5.O-O O-O 6.c4 d6 7.Nc3 Nc6 8.d5 Na5 9.Nd2
c5 10.dxc6 Nxc6 11.Rb1 g5 12.Nd5 Ne5 13.Nb3 Nxd5 14.cxd5 f4 15.Nd4 Qe8 16.b4
Qh5 17.Rb3 fxg3 18.Rxg3 h6 19.Ne6 Bxe6 20.dxe6 Rac8 21.f4 Ng4 22.h3 Rxc1
23.Qxc1 Bd4+ 24.Kh1 Nf2+ 25.Rxf2 Bxf2 26.Rg4 Rxf4 27.Qxf4 {#r} 1-0

[Event "It (open) (juniors) (under 16)"]
[Site "masterchessopen.com - Bento Goncalves (Brazil)"]
[Date "2010.08.02"]
[Round "1"]
[White "Jayakumar Adarsh (USA)"]
[Black "Brizzi Victor Emmanuel (ARG)"]
[Result "1-0"]
[WhiteElo "2165"]
[BlackElo "1913"]

1.d4 f5 2.c4 d6 3.Nf3 g6 4.g3 Nf6 5.Bg2 Bg7 6.O-O O-O 7.Nc3 Nc6 8.d5 Ne5
9.Nxe5 dxe5 10.Rb1 a6 11.b4 Nh5 12.Qb3 Kh8 13.c5 Rb8 14.b5 b6 15.cxb6 cxb6
16.bxa6 Bxa6 17.a4 Nf6 18.Ba3 Rc8 19.Nb5 e4 20.d6 exd6 21.Nxd6 Rc6 22.Nf7+
Rxf7 23.Qxf7 Nd5 24.Rfd1 Bc4 25.Rbc1 Rc7 26.Rxd5 Qb8 27.Rd7 Bxf7 28.Rcxc7 Be5
29.Rb7 Qe8 30.Rxf7 {#r} 1-0

[Event "Tournament (juniors)"]
[Site "masterchessopen.com - Dimitrovgrad (Russia)"]
[Date "2010.08.21"]
[Round "5"]
[White "Uryadov Sergey S (RUS)"]
[Black "Agapchev Andrey (RUS)"]
[Result "1-0"]
[WhiteElo "1941"]
[BlackElo "1613"]

1.d4 f5 2.c4 Nf6 3.Nc3 g6 4.g3 Bg7 5.Bg2 d6 6.Nf3 O-O 7.O-O Nc6 8.b3 e5 9.e3
e4 10.Nd2 h6 11.Bb2 Qe8 12.f3 exf3 13.Qxf3 Bd7 14.a3 g5 15.Rae1 Qg6 16.b4 Rae8
17.c5 f4 18.gxf4 gxf4 19.b5 fxe3 20.bxc6 Bxc6 21.Qg3 exd2 22.Rxe8 Qxe8 23.d5
Bd7 24.cxd6 Nh5 25.Qd3 Rxf1+ 26.Bxf1 Qe1 27.dxc7 Kh8 28.Qc4 Qe3+ 29.Kh1 Qf3+
30.Kg1 d1=Q 31.c8=Q+ Bxc8 32.Qxc8+ Kh7 {#r} 1-0

[Event "It (open)"]
[Site "masterchessopen.com - Yuzhny (Ukraine)"]
[Date "2010.09.08"]
[Round "2"]
[White "Afanasjev Anatoly (UKR)"]
[Black "Omelja Artem (UKR)"]
[Result "0-1"]
[WhiteElo "2048"]
[BlackElo "2261"]

1.d4 g6 2.c4 Bg7 3.Nf3 f5 4.Nc3 Nf6 5.g3 O-O 6.Bg2 d6 7.O-O Nc6 8.d5 Ne5
9.Nxe5 dxe5 10.e4 f4 11.gxf4 Nh5 12.f5 Nf4 13.Bxf4 exf4 14.Qe2 Be5 15.Kh1 Qd6
16.Rg1 Qf6 17.Qg4 Kh8 18.Bh3 Bd7 19.Qg5 Rg8 20.Qxf6+ exf6 21.Rad1 h5 22.f3 g5
23.Rd2 Rg7 24.Nd1 Rag8 25.Nf2 c5 26.dxc6 Bxc6 27.b4 b6 28.Rd5 Bxd5 29.exd5 Bd4
30.Rf1 g4 {#R} 0-1

[Event "Ch Europe (juniors) (under 16)"]
[Site "masterchessopen.com - Batumi (Georgia)"]
[Date "2010.09.22"]
[Round "3"]
[White "Tekeli Taylan Can (TUR)"]
[Black "Siagodnik Anton (BLR)"]
[Result "0-1"]
[WhiteElo "1903"]
[BlackElo "2137"]

1.c4 f5 2.Nc3 Nf6 3.g3 g6 4.Bg2 Bg7 5.Nf3 O-O 6.d4 d6 7.O-O Nc6 8.d5 Ne5
9.Nxe5 dxe5 10.e4 f4 11.gxf4 Nh5 12.f5 Nf4 13.Bxf4 exf4 14.fxg6 hxg6 15.Bf3 e5
16.Kh1 Kf7 17.Bg4 Rh8 18.Bxc8 Qxc8 19.f3 Qh3 20.Rf2 Bf8 21.Na4 Be7 22.Rg2 Rh5
23.Qe2 Rah8 24.Kg1 Bh4 25.Rd1 Bg3 26.Rd2 Bxh2+ {#R} 0-1

[Event "Ch Finland (team) 2010/11 (1 Division)"]
[Site "masterchessopen.com - Finland"]
[Date "2010.11.20"]
[Round "4"]
[White "Pessi Juha (FIN)"]
[Black "Raitanen Markku (FIN)"]
[Result "1-0"]
[WhiteElo "2147"]
[BlackElo "1922"]

1.d4 g6 2.c4 f5 3.Nf3 Nf6 4.Nc3 Bg7 5.g3 d6 6.Bg2 O-O 7.O-O Nc6 8.d5 Ne5
9.Nxe5 dxe5 10.b3 a6 11.a4 h6 12.Bb2 g5 13.e3 Qe8 14.Ne2 f4 15.Bxe5 Qh5 16.f3
fxe3 17.Qd3 c6 18.dxc6 bxc6 19.Qxe3 Qg6 20.Nd4 Bd7 21.Rad1 Rfd8 22.Rd2 c5
23.Ne2 Bf5 24.Rfd1 Rxd2 25.Rxd2 Nd7 26.Bxg7 Kxg7 27.Qxe7+ {#r} 1-0

[Event "It (open)"]
[Site "masterchessopen.com - Plzen (Czech Republic)"]
[Date "2010.12.06"]
[Round "3"]
[White "Snaidr Jiri (CZE)"]
[Black "Golcman Evgeny (RUS)"]
[Result "0-1"]
[WhiteElo "1991"]
[BlackElo "2290"]

1.d4 f5 2.c4 Nf6 3.Nc3 g6 4.g3 Bg7 5.Bg2 d6 6.Nf3 O-O 7.O-O Nc6 8.d5 Na5 9.Qd3
c5 10.b3 a6 11.Bb2 Rb8 12.Rab1 Bd7 13.Nd2 b5 14.f3 Qc7 15.e4 bxc4 16.bxc4 fxe4
17.Ncxe4 Rxb2 {#R} 0-1

[Event "Ch PriFO (w)"]
[Site "masterchessopen.com - Perm (Russia)"]
[Date "2011.01.06"]
[Round "4"]
[White "Demina Marya (RUS)"]
[Black "Makeeva Tatiana (RUS)"]
[Result "1-0"]
[WhiteElo "2137"]
[BlackElo "1950"]

1.d4 f5 2.c4 g6 3.Nf3 Bg7 4.g3 Nf6 5.Bg2 d6 6.O-O O-O 7.Nc3 Nc6 8.d5 Na5 9.Nd2
c5 10.Rb1 Nh5 11.Qc2 a6 12.b3 Rb8 13.h3 Nf6 14.e4 f4 15.Ne2 fxg3 16.Nxg3 b5
17.f4 e6 18.Bb2 exd5 19.cxd5 c4 20.bxc4 bxc4 21.Bxf6 Qxf6 22.Rxb8 {#r} 1-0

[Event "Ch Georgia (w)"]
[Site "masterchessopen.com - Anaklia (Georgia)"]
[Date "2011.01.19"]
[Round "9"]
[White "Javakhishvili Lela (GEO)"]
[Black "Batsiashvili Nino (GEO)"]
[Result "0-1"]
[WhiteElo "2464"]
[BlackElo "2413"]

1.d4 d6 2.c4 f5 3.Nc3 g6 4.g3 Nf6 5.Bg2 Bg7 6.Nf3 O-O 7.O-O Nc6 8.d5 Na5 9.Qa4
c5 10.dxc6 Nxc6 11.Rd1 Bd7 12.c5 dxc5 13.Ng5 Qe8 14.Qb3+ Kh8 15.Qxb7 Rc8
16.Bxc6 Bxc6 17.Qxa7 Ba8 18.Qa6 h6 19.Ne6 Rc6 20.Nxg7 Kxg7 21.Qa7 g5 22.f3 f4
23.gxf4 g4 24.Rd3 Re6 25.Qxc5 gxf3 26.exf3 Qg6+ 27.Kf2 Qxd3 28.Be3 Ng4+
29.fxg4 Rxf4+ {#R} 0-1

[Event "It (open)"]
[Site "masterchessopen.com - Novy Bor (Czech Republic)"]
[Date "2011.02.12"]
[Round "1"]
[White "Dmitruk Volodymyr (UKR)"]
[Black "Golcman Evgeny (RUS)"]
[Result "0-1"]
[WhiteElo "1788"]
[BlackElo "2257"]

1.g3 f5 2.Bg2 Nf6 3.Nf3 g6 4.c4 Bg7 5.O-O d6 6.Nc3 O-O 7.d4 Nc6 8.a3 e5 9.dxe5
dxe5 10.b4 e4 11.Nd2 Ng4 12.Bb2 e3 13.Bd5+ Kh8 14.Nf3 exf2+ 15.Kg2 Ne3+ {#R}
0-1

[Event "It (open) (b)"]
[Site "masterchessopen.com - Zagreb (Croatia)"]
[Date "2011.04.16"]
[Round "6"]
[White "Ivanov Borislav (BUL)"]
[Black "Valkovic Kristian (CRO)"]
[Result "1-0"]
[WhiteElo "2208"]
[BlackElo "2095"]

1.d4 d6 2.Nf3 f5 3.g3 Nf6 4.Bg2 g6 5.c4 Bg7 6.O-O O-O 7.Nc3 Nc6 8.d5 Ne5
9.Nxe5 dxe5 10.c5 e4 11.Qb3 Kh8 12.f3 exf3 13.exf3 Nd7 14.Be3 b6 15.c6 Nc5
16.Qc2 Ba6 17.Rfd1 Qe8 18.b4 Nd3 19.b5 {#r} 1-0

[Event "It (open)"]
[Site "masterchessopen.com - Orlova (Czech Republic)"]
[Date "2011.05.21"]
[Round "1"]
[White "Klima Martin (CZE)"]
[Black "Jakubiec Artur (POL)"]
[Result "0-1"]
[WhiteElo "1655"]
[BlackElo "2528"]

1.c4 f5 2.d4 Nf6 3.Nc3 g6 4.Nf3 Bg7 5.g3 O-O 6.Bg2 d6 7.O-O Nc6 8.e3 e5 9.dxe5
dxe5 10.Qb3 e4 11.c5+ Kh8 12.Rd1 Qe7 13.Nd4 Qxc5 14.Ncb5 a6 15.Nc3 Ne5 16.Nce2
Qe7 17.Bd2 c5 18.Rac1 Nd3 {#R} 0-1

[Event "It (open) (major)"]
[Site "masterchessopen.com - Ascot (England)"]
[Date "2011.05.27"]
[Round "1"]
[White "Marley Andrew S G"]
[Black "Robson Paul"]
[Result "1-0"]
[WhiteElo "1849"]
[BlackElo "1999"]

1.d4 g6 2.Nf3 Bg7 3.c4 f5 4.Nc3 Nf6 5.g3 O-O 6.Bg2 d6 7.O-O Nc6 8.d5 Ne5
9.Nxe5 dxe5 10.Be3 h6 11.Rc1 Ng4 12.Bc5 Kh7 13.h3 Nf6 14.Qb3 a6 15.Rfd1 e4
16.Ba3 Qe8 17.c5 g5 18.d6 exd6 19.cxd6 cxd6 20.Rxd6 Rf7 21.Rcd1 Rd7 22.Rxd7
Nxd7 23.Nd5 Qe5 24.Qc2 Qb8 25.Ne7 Nf6 26.Bd6 Qa7 27.Nxc8 {#r} 1-0

[Event "Ch Slovenia (team)"]
[Site "masterchessopen.com - Maribor (Slovenia)"]
[Date "2011.06.03"]
[Round "4"]
[White "Jelen Igor (SLO)"]
[Black "Pavasovic Dusko (SLO)"]
[Result "0-1"]
[WhiteElo "2380"]
[BlackElo "2561"]

1.d4 f5 2.g3 Nf6 3.Bg2 g6 4.c4 Bg7 5.Nc3 d6 6.Nf3 O-O 7.O-O Nc6 8.d5 Ne5
9.Nxe5 dxe5 10.e4 f4 11.Qb3 g5 12.c5 Kh8 13.Rd1 Qe8 14.Nb5 Qh5 15.f3 g4
16.Nxc7 fxg3 17.hxg3 gxf3 18.Bxf3 Bg4 19.Rf1 Bxf3 20.Qxf3 Ng4 21.Qg2 Rxf1+
22.Kxf1 Rf8+ 23.Ke1 Rf2 24.Qxf2 Nxf2 25.Kxf2 Qh2+ 26.Kf3 Qh1+ 27.Kf2 h5 28.b4
Qd1 29.Ne6 Qc2+ 30.Kf1 Qc3 {#R} 0-1

[Event "Ch United Arab Emirates"]
[Site "masterchessopen.com - Abudhabi (United Arab Emirates)"]
[Date "2011.06.27"]
[Round "3"]
[White "Faisal Abdulla (UAE)"]
[Black "Zayed Ali Al-Hamed (UAE)"]
[Result "1-0"]
[WhiteElo "2247"]
[BlackElo "1980"]

1.d4 f5 2.c4 Nf6 3.g3 d6 4.Nf3 g6 5.Bg2 Bg7 6.O-O O-O 7.Nc3 Nc6 8.d5 Na5 9.Nd2
b6 10.Qc2 Rb8 11.Nb3 e5 12.dxe6 Bxe6 13.Bd2 Nb7 14.Nb5 a5 15.N3d4 Bd7 16.Nc6
Bxc6 17.Bxc6 Qe7 18.Nc3 Nc5 19.Rfd1 Nfd7 20.Nd5 {#r} 1-0

[Event "Ch Turkey (team)"]
[Site "masterchessopen.com - Konya (Turkey)"]
[Date "2011.07.04"]
[Round "7"]
[White "Tulay Berkay (TUR)"]
[Black "Afyoncu Omer (TUR)"]
[Result "0-1"]
[WhiteElo "2128"]
[BlackElo "2120"]

1.d4 f5 2.c4 Nf6 3.Nc3 g6 4.g3 Bg7 5.Bg2 O-O 6.Nf3 d6 7.O-O Nc6 8.d5 Ne5
9.Nxe5 dxe5 10.f3 e6 11.e4 f4 12.g4 c6 13.Qb3 exd5 14.cxd5 cxd5 15.Rd1 Kh8
16.Nxd5 Nxd5 17.Rxd5 Qe7 18.Qb5 Be6 19.Rd1 a6 20.Qb6 Rfd8 21.Re1 Rac8 22.Qf2
Bf6 23.b3 Bh4 24.Qb2 Qc5+ 25.Kf1 Bxe1 26.Kxe1 Qg1+ 27.Bf1 Rd1+ 28.Kxd1 Qxf1+
29.Kd2 Rd8+ 30.Kc3 Qd3+ 31.Kb4 Qd6+ {#R} 0-1

[Event "It (open)"]
[Site "masterchessopen.com - Mirgorod (Ukraine)"]
[Date "2011.07.11"]
[Round "5"]
[White "Tsirulnik Maritsa (UKR)"]
[Black "Nesteretz Anatoliy (UKR)"]
[Result "0-1"]
[WhiteElo "2168"]
[BlackElo "2418"]

1.d4 f5 2.g3 Nf6 3.Bg2 g6 4.Nf3 Bg7 5.O-O O-O 6.c4 d6 7.Nc3 Nc6 8.d5 Ne5 9.Nd2
c6 10.Qb3 cxd5 11.cxd5 b5 12.Qxb5 a5 13.Qb3 Ba6 14.Nf3 Nxf3+ 15.Bxf3 Rb8
16.Qd1 Ng4 17.Bg2 h6 18.a4 Rb4 19.Ra3 Qb6 20.h3 Ne5 21.Nb5 Nc4 22.Rb3 Rxa4
23.Na3 Rb4 24.Nxc4 Bxc4 25.Rxb4 Qxb4 26.Qd2 Qxd2 27.Bxd2 a4 28.Rc1 Bb3 29.Rb1
Rc8 30.Bc1 Ba2 31.Ra1 a3 {#R} 0-1

[Event "Ch Austria"]
[Site "masterchessopen.com - Linz (Austria)"]
[Date "2011.07.29"]
[Round "7"]
[White "Denk Adolf (AUT)"]
[Black "Bachler Reinhardt (AUT)"]
[Result "0-1"]
[WhiteElo "2265"]
[BlackElo "2208"]

1.c4 f5 2.g3 Nf6 3.Bg2 g6 4.Nf3 Bg7 5.O-O O-O 6.Nc3 d6 7.d4 Nc6 8.d5 Na5 9.Nd2
c5 10.Re1 a6 11.a4 Bd7 12.e3 Ne8 13.f4 Nc7 14.Qe2 Re8 15.Ra3 e5 16.e4 exf4
17.gxf4 b6 18.Qf1 fxe4 19.Ndxe4 Bf5 20.Bd2 Qd7 21.Ng3 Rxe1 22.Bxe1 Re8 23.Nd1
Nxc4 24.Ra2 Bd3 25.Qxd3 Rxe1+ 26.Nf1 Qg4 27.Qxc4 Qxd1 {#R} 0-1

[Event "Ch Vojvodina (open)"]
[Site "masterchessopen.com - Novi Sad (Serbia)"]
[Date "2011.07.29"]
[Round "8"]
[White "Pezelj Novak (SRB)"]
[Black "Petkovic Radosav (SRB)"]
[Result "1-0"]
[WhiteElo "2373"]
[BlackElo "2287"]

1.d4 f5 2.c4 Nf6 3.Nc3 d6 4.Nf3 g6 5.g3 Bg7 6.Bg2 O-O 7.O-O Nc6 8.Qc2 e5
9.dxe5 dxe5 10.Rd1 Qe7 11.Nd5 Nxd5 12.cxd5 Nb4 13.Qb3 Qd6 14.Nd2 Kh8 15.Nc4
{#r} 1-0

[Event "Ch Germany (seniors)"]
[Site "masterchessopen.com - Halle (Germany)"]
[Date "2011.08.06"]
[Round "2"]
[White "Eckstein Helmut (GER)"]
[Black "Welz Peter Dr (GER)"]
[Result "0-1"]
[WhiteElo "1892"]
[BlackElo "2133"]

1.c4 f5 2.g3 Nf6 3.Bg2 g6 4.Nc3 Bg7 5.d4 O-O 6.Nf3 d6 7.O-O Nc6 8.d5 Ne5
9.Nxe5 dxe5 10.e4 f4 11.f3 g5 12.g4 h5 13.h3 Kf7 14.b4 Rh8 15.c5 hxg4 16.fxg4
a5 17.b5 Qg8 18.d6 Qh7 19.dxc7 Bxg4 20.hxg4 Qh2+ 21.Kf2 Qg3+ 22.Kg1 Nxg4
23.Qb3+ e6 24.Rf3 Rh1+ {#R} 0-1

[Event "It (open) (b)"]
[Site "masterchessopen.com - Dresden (Germany)"]
[Date "2011.08.11"]
[Round "6"]
[White "Gutt Oswald (GER)"]
[Black "Neukoetter G"]
[Result "0-1"]
[WhiteElo "2032"]
[BlackElo "1892"]

1.d4 f5 2.Nf3 g6 3.g3 Nf6 4.Bg2 Bg7 5.O-O O-O 6.c4 d6 7.Nc3 Nc6 8.d5 Ne5 9.b3
Nxf3+ 10.Bxf3 Ne4 11.Nxe4 fxe4 {#R} 0-1

[Event "Ch Germany (seniors)"]
[Site "masterchessopen.com - Halle (Germany)"]
[Date "2011.08.12"]
[Round "8"]
[White "Knaak Joachim (GER)"]
[Black "Welz Peter Dr (GER)"]
[Result "0-1"]
[WhiteElo "2233"]
[BlackElo "2133"]

1.d4 f5 2.g3 Nf6 3.Bg2 g6 4.Nf3 Bg7 5.O-O O-O 6.c4 d6 7.Nc3 Nc6 8.d5 Ne5
9.Nxe5 dxe5 10.Qb3 h6 11.c5 Kh8 12.Rd1 g5 13.Bd2 e4 14.Rac1 a6 15.Be1 Qe8
16.a4 Qh5 17.Qc4 Ng4 18.h3 Ne5 19.Qb3 f4 20.Nxe4 Bxh3 21.f3 Bxg2 22.Kxg2 g4
23.gxf4 Qh3+ 24.Kg1 gxf3 25.exf3 Nxf3+ 26.Kf2 Rxf4 27.Qe3 Qh2+ 28.Kf1 Nd2# 0-1

[Event "Memorial A.Rubinstein (b)"]
[Site "masterchessopen.com - Polanica Zdroj (Poland)"]
[Date "2011.08.20"]
[Round "1"]
[White "Malinowski Damian (POL)"]
[Black "Betkowski Andrzej (POL)"]
[Result "0-1"]
[WhiteElo "1900"]
[BlackElo "2185"]

1.c4 f5 2.d4 Nf6 3.g3 g6 4.Bg2 Bg7 5.Nf3 O-O 6.O-O d6 7.Nc3 Nc6 8.d5 Na5 9.Qd3
e5 10.dxe6 Bxe6 11.Nd2 Nc6 12.Nd5 a5 13.Re1 Nd7 14.Nf4 Bf7 15.a3 g5 16.Nd5 Nc5
17.Qc2 Nd4 18.Qd1 c6 19.e3 cxd5 20.exd4 Nd3 21.Re3 dxc4 22.Nf3 f4 23.gxf4 Nxf4
24.Rc3 Nxg2 25.Kxg2 Bd5 26.Kg1 Qf6 27.Bxg5 Qf5 {#R} 0-1

[Event "It (open)"]
[Site "masterchessopen.com - Porto San Giorgio (Italy)"]
[Date "2011.08.26"]
[Round "7"]
[White "Viviani Alessio"]
[Black "Maltempi Angelo"]
[Result "1-0"]
[WhiteElo "1958"]
[BlackElo "1847"]

1.d4 d6 2.c4 g6 3.Nf3 Bg7 4.g3 f5 5.Bg2 Nf6 6.O-O O-O 7.Nc3 Nc6 8.d5 Ne5
9.Nxe5 dxe5 10.a4 a6 11.c5 e4 12.Qb3 Kh8 13.Rd1 h6 14.Bf4 Ne8 15.h4 Kh7 16.a5
Bf6 17.Ra4 g5 18.hxg5 hxg5 19.Be3 Bxc3 20.Qxc3 Nf6 21.Bxg5 Qe8 22.Rb4 Qh5
23.Bxf6 Rxf6 24.Qe5 Qf7 25.Qxc7 f4 26.Rxe4 {#r} 1-0

[Event "Memorial R.Reti (open)"]
[Site "masterchessopen.com - Trnava (Slovakia)"]
[Date "2011.08.30"]
[Round "2"]
[White "Hornak Pavol (SVK)"]
[Black "Liptak Dusan (SVK)"]
[Result "0-1"]
[WhiteElo "1776"]
[BlackElo "2056"]

1.d4 f5 2.c4 Nf6 3.g3 g6 4.Bg2 Bg7 5.Nc3 O-O 6.Nf3 d6 7.O-O Nc6 8.Qc2 h6 9.e3
g5 10.a3 a5 11.b3 e5 12.dxe5 dxe5 13.Bb2 e4 14.Rad1 Qe8 15.Nd4 Ne5 16.Nce2 Qh5
17.Kh1 Nfg4 18.h3 Nf3 19.Ng1 Nge5 20.Nde2 Ra6 21.Bc3 Be6 22.Bxe5 Bxe5 23.Bxf3
exf3 24.Nd4 g4 25.Nxe6 Rxe6 26.Kh2 Qf7 27.Rd5 b6 28.Rfd1 Bd6 29.a4 h5 30.h4
Qf6 31.Kh1 Kg7 32.Rb5 Bc5 {#R} 0-1

[Event "It (open)"]
[Site "masterchessopen.com - Yuzhny (Ukraine)"]
[Date "2011.09.07"]
[Round "7"]
[White "Bogdanovich Stanislav (UKR)"]
[Black "Nosenko Alexander (UKR)"]
[Result "1-0"]
[WhiteElo "2517"]
[BlackElo "2521"]

1.d4 f5 2.g3 Nf6 3.Bg2 g6 4.Nf3 Bg7 5.O-O O-O 6.c4 d6 7.Nc3 Nc6 8.d5 Na5 9.b3
Ne4 10.Nxe4 Bxa1 11.Neg5 c5 12.e4 h6 13.Ne6 Bxe6 14.dxe6 Bg7 15.Nh4 Qe8
16.exf5 Rxf5 17.Qd3 Rf6 18.Bb2 g5 19.Bxf6 Bxf6 20.Nf5 Qf8 21.f4 g4 22.Qe2 h5
23.h3 gxh3 24.Qxh5 Bg7 25.Qxh3 Nc6 26.Bxc6 bxc6 27.Kg2 Qf6 28.Rh1 a5 29.Qh7+
Kf8 30.Rh5 Qb2+ 31.Kh3 {#r} 1-0

[Event "Steirische Liga 2011/12"]
[Site "masterchessopen.com - Austria"]
[Date "2011.11.12"]
[Round "5"]
[White "Sonnberger Thomas"]
[Black "Manhardt Thomas (AUT)"]
[Result "0-1"]
[WhiteElo "2207"]
[BlackElo "2148"]

1.d4 f5 2.g3 Nf6 3.Bg2 g6 4.c4 Bg7 5.Nc3 Nc6 6.Nf3 d6 7.O-O O-O 8.d5 Ne5
9.Nxe5 dxe5 10.Qb3 Kh8 11.Rd1 h6 12.Be3 g5 13.Bc5 a6 14.Ba3 Qe8 15.Na4 f4
16.Nc5 Qh5 17.Ne6 Bxe6 18.dxe6 Rae8 19.Rd7 e4 20.gxf4 gxf4 21.Qh3 Qxe2 22.Bf1
Qc2 23.Rxe7 Rg8 24.Rxe8 Nxe8 25.Kh1 Qxf2 26.Rd1 Qg1+ {#R} 0-1

[Event "It (open)"]
[Site "masterchessopen.com - Navalmoral (Spain)"]
[Date "2011.12.05"]
[Round "5"]
[White "Palencia Wilson (COL)"]
[Black "Koziak Vitali (UKR)"]
[Result "0-1"]
[WhiteElo "2311"]
[BlackElo "2494"]

1.d4 f5 2.Nf3 Nf6 3.g3 g6 4.Bg2 Bg7 5.O-O O-O 6.c4 d6 7.Nc3 Nc6 8.d5 Na5 9.Nd2
c5 10.Qc2 e5 11.dxe6 Bxe6 12.Nf3 Bxc4 13.Rd1 Qe7 14.Qa4 b6 15.Nd2 Be6 16.Bxa8
Rxa8 17.Nf3 d5 18.Qh4 d4 19.b4 Nc4 20.Nxd4 cxd4 21.Rxd4 Qxb4 22.Bd2 Qc5 23.Be1
g5 24.Rxc4 gxh4 25.Rxc5 bxc5 26.gxh4 Ne4 {#R} 0-1

[Event "It (open) (b)"]
[Site "masterchessopen.com - Prague (Czech Republic)"]
[Date "2012.01.14"]
[Round "2"]
[White "List Andre (GER)"]
[Black "Saleh Nagueb (UAE)"]
[Result "0-1"]
[WhiteElo "1827"]
[BlackElo "2220"]

1.d4 f5 2.g3 Nf6 3.Bg2 g6 4.Nf3 Bg7 5.O-O O-O 6.c4 d6 7.Nc3 Nc6 8.d5 Na5 9.Qa4
c5 10.dxc6 Nxc6 11.Rd1 Qa5 12.Rb1 Qxa4 13.Nxa4 Ne4 14.e3 Nb4 15.a3 Bd7 16.axb4
Bxa4 17.Rd5 Bb3 18.Rb5 b6 19.Bf1 Rfc8 20.c5 dxc5 21.bxc5 Nxc5 22.Nd4 Bf7
23.Ra1 e5 {#R} 0-1

[Event "It (open) \"]
[Site "masterchessopen.com - Caleta (England)"]
[Date "2012.01.24"]
[Round "1"]
[White "Choukri Adel (MAR)"]
[Black "Knudsen Jes West (DEN)"]
[Result "1-0"]
[WhiteElo "2115"]
[BlackElo "1892"]

1.c4 f5 2.Nc3 Nf6 3.d4 d6 4.g3 g6 5.Nf3 Bg7 6.Bg2 Nc6 7.O-O O-O 8.b3 e5 9.dxe5
Ng4 10.Qd5+ Kh8 11.Bg5 Qe8 12.Nb5 Be6 13.Qd1 Qf7 14.exd6 h6 15.Nxc7 Rab8
16.Rb1 Bxc4 17.bxc4 hxg5 18.Nxg5 Qxc4 19.Nce6 Rfe8 20.d7 Rxe6 21.Bd5 Qxe2
22.Bxe6 Qxd1 23.Rbxd1 Nd4 24.Rxd4 Bxd4 25.d8=Q+ Rxd8 26.Nf7+ Kg7 27.Nxd8 {#r}
1-0

[Event "Tournament (open) \"]
[Site "masterchessopen.com - Barcelona (Spain)"]
[Date "2012.02.02"]
[Round "2"]
[White "Flores Linan Josep Luis (ESP)"]
[Black "Vidarte Morales Arturo (ESP)"]
[Result "0-1"]
[WhiteElo "1918"]
[BlackElo "2327"]

1.d4 f5 2.c4 Nf6 3.Nc3 g6 4.g3 Bg7 5.Bg2 O-O 6.Nf3 d6 7.O-O Nc6 8.Bf4 Ne4 9.h4
Nxc3 10.bxc3 e5 11.Bg5 Qe8 12.Bc1 Kh8 13.e3 Na5 14.Nd2 c5 15.Bb2 Be6 16.Qe2
Qa4 17.Bd5 Bxd5 18.cxd5 cxd4 19.exd4 exd4 20.c4 Qc2 21.Rab1 Rfe8 22.Qd1 Qxd1
23.Rfxd1 Rac8 24.Re1 d3 25.Bxg7+ Kxg7 26.Re3 Rxe3 27.fxe3 Nxc4 28.Rd1 Nxe3
{#R} 0-1

[Event "Ch Split-Dalmatin"]
[Site "masterchessopen.com - Split (Croatia)"]
[Date "2012.03.17"]
[Round "1"]
[White "Zaja Dragomir (CRO)"]
[Black "Bozanic Ivica (CRO)"]
[Result "0-1"]
[WhiteElo "1829"]
[BlackElo "2251"]

1.d4 f5 2.Nf3 Nf6 3.c4 d6 4.Nc3 g6 5.g3 Bg7 6.Bg2 O-O 7.O-O Nc6 8.Bf4 Ne4
9.Re1 e5 10.dxe5 Nxc3 11.bxc3 dxe5 12.Qxd8 Rxd8 13.Bg5 Re8 14.e4 f4 15.gxf4 h6
16.Bh4 exf4 17.Nd4 g5 {#R} 0-1

[Event "It (c)"]
[Site "masterchessopen.com - Pretoria (South Africa)"]
[Date "2012.04.30"]
[Round "6"]
[White "Seotloadi T"]
[Black "Wilken Justin (RSA)"]
[Result "0-1"]
[WhiteElo "1955"]
[BlackElo "1970"]

1.d4 g6 2.c4 f5 3.Nc3 Nf6 4.g3 Bg7 5.Bg2 d6 6.Nf3 O-O 7.O-O Nc6 8.Bf4 h6 9.Rc1
g5 10.Be3 Qe8 11.d5 Ne5 12.Nb5 Qd8 13.Nxa7 Bd7 14.Nb5 Rxa2 15.Qb3 Ra5 16.Ra1
Nxf3+ 17.Bxf3 c5 18.Nc3 Rxa1 19.Rxa1 Bc8 20.Bd2 Qe8 21.Qb6 Nd7 22.Qb3 Ne5
23.Bg2 Qh5 24.Re1 f4 25.Ne4 Bf5 26.gxf4 gxf4 27.Bxf4 Bxe4 28.Bxe5 Qxe5 29.h3
{#R} 0-1

[Event "Memorial Macedo Malaquias (open)"]
[Site "masterchessopen.com - Boa Vista (Brazil)"]
[Date "2012.05.01"]
[Round "7"]
[White "Souza Santos Carlos Roberto"]
[Black "Reis Renan do Carmo"]
[Result "0-1"]
[WhiteElo "1971"]
[BlackElo "2289"]

1.d4 f5 2.g3 Nf6 3.Bg2 g6 4.Nf3 Bg7 5.O-O O-O 6.c4 d6 7.Nc3 Nc6 8.d5 Na5 9.Nd2
c5 10.Qc2 a6 11.a3 Qc7 12.b3 Bd7 13.Bb2 b5 14.e3 bxc4 15.Nxc4 Nxc4 16.bxc4
Rab8 17.Rab1 Qa5 18.Qc1 Ng4 19.h3 Ne5 20.Nd1 Nd3 21.Qc2 Nxb2 22.Nxb2 Qxa3
23.Nd3 Qc3 24.Qxc3 Bxc3 25.Rfc1 Bf6 26.Rxb8 Rxb8 27.Rc2 a5 28.Ra2 a4 29.Nf4
Rb2 {#R} 0-1

[Event "Tournament \"]
[Site "masterchessopen.com - Minneapolis (USA)"]
[Date "2012.05.05"]
[Round "4"]
[White "Zelkind Eduard (USA)"]
[Black "Allen James Franklin (USA)"]
[Result "0-1"]
[WhiteElo "2140"]
[BlackElo "2210"]

1.d4 f5 2.Nf3 Nf6 3.c4 g6 4.g3 Bg7 5.Bg2 d6 6.Nc3 O-O 7.O-O Nc6 8.b3 e5 9.dxe5
dxe5 10.Ba3 Re8 11.Qxd8 Rxd8 12.Rad1 Bd7 13.Nd5 e4 14.Ng5 h6 15.Nh3 Nxd5
16.Rxd5 Be6 17.Rdd1 g5 18.Kh1 a5 19.Bc1 Nd4 20.Ng1 a4 21.Bb2 axb3 22.Bxd4 bxa2
23.Bxg7 Rxd1 24.Rxd1 Kxg7 25.Ra1 Bxc4 26.g4 b5 27.gxf5 b4 {#R} 0-1

[Event "Ch Baden (seniors) (open)"]
[Site "masterchessopen.com - Emmendingen (Germany)"]
[Date "2012.06.06"]
[Round "5"]
[White "Schneider Klaus (GER)"]
[Black "Mertens Gottfried (GER)"]
[Result "0-1"]
[WhiteElo "1890"]
[BlackElo "1981"]

1.d4 f5 2.c4 Nf6 3.g3 g6 4.Bg2 Bg7 5.Nc3 d6 6.Nf3 O-O 7.O-O Nc6 8.Re1 e5 9.d5
Ne7 10.e4 fxe4 11.Nxe4 Nxe4 12.Rxe4 Bf5 13.Re1 Bg4 14.h3 Bd7 15.Nd2 Nf5 16.Ne4
h6 17.Rb1 a5 18.Bd2 Qe7 19.Qc1 Kh7 20.c5 Bb5 21.Bf1 Bxf1 22.Rxf1 Nd4 23.Kg2
Qf7 24.Qd1 Qxd5 25.Re1 dxc5 {#R} 0-1